000 00316nam a22001097a 4500
008 230621b xxu||||| |||| 00| 0 eng d
082 _a327.73
_bWEL 1990
245 _aAmerican Foreign Policy Current Documens 1990
260 _aUSA
_bDepartment of State Publications Washington
_c1990
300 _a57p
942 _2ddc
_cBK
999 _c2000
_d2000